Plaques d'immatriculation canadiennes - Statistiques

Statistiques générales
  • Ce quiz a été pris 11 fois
  • Le résultat moyen est 9 sur 13
Statistiques - réponses
Par images Réponse % Correct
Québec
100%
Ontario
89%
Alberta
78%
Colombie-Britannique
67%
Manitoba
67%
Nunavut
67%
Terre-Neuve et Labrador
67%
Territoires du Nord-Ouest
67%
Yukon
67%
île du Prince-Édouard
56%
Nouveau-Brunswick
56%
Nouvelle-Écosse
56%
Saskatchewan
56%
Aucun quiz correspondant
Distribution des résultats
% des personnes avec chaque résultat
Percentile par nombre de réponses
Votre historique - résultats
Vous n’avez pas pris ce quiz